|
|
|
|
| LEADER |
01570nam a2200397Ia 4500 |
| 001 |
EBC3014443 |
| 003 |
MiAaPQ |
| 005 |
20200520144314.0 |
| 006 |
m o d | |
| 007 |
cr cn||||||||| |
| 008 |
060601s2006 dcua sb i000 0 eng d |
| 035 |
|
|
|a (MiAaPQ)EBC3014443
|
| 035 |
|
|
|a (Au-PeEL)EBL3014443
|
| 035 |
|
|
|a (CaPaEBR)ebr10380820
|
| 035 |
|
|
|a (CaONFJC)MIL382997
|
| 035 |
|
|
|a (OCoLC)694141097
|
| 040 |
|
|
|a MiAaPQ
|c MiAaPQ
|d MiAaPQ
|
| 050 |
|
4 |
|a K728
|b .L36 2006
|
| 100 |
1 |
|
|a Lane, Philip R.,
|d 1969-
|
| 245 |
1 |
4 |
|a The external wealth of nations mark II
|h [electronic resource] :
|b revised and extended estimates of foreign assets and liabilities, 1970-2004 /
|c Philip R. Lane and Gian Maria Milesi-Ferretti.
|
| 260 |
|
|
|a [Washington, D.C.] :
|b International Monetary Fund, Research Dept.,
|c c2006.
|
| 300 |
|
|
|a 48 p. :
|b ill.
|
| 490 |
1 |
|
|a IMF working paper ;
|v WP/06/69
|
| 500 |
|
|
|a "March 2006."
|
| 504 |
|
|
|a Includes bibliographical references.
|
| 533 |
|
|
|a Electronic reproduction. Ann Arbor, MI : ProQuest, 2015. Available via World Wide Web. Access may be limited to ProQuest affiliated libraries.
|
| 650 |
|
0 |
|a Alien property.
|
| 650 |
|
0 |
|a Balance of trade.
|
| 650 |
|
0 |
|a Debts, External.
|
| 650 |
|
0 |
|a Foreign exchange.
|
| 655 |
|
4 |
|a Electronic books.
|
| 700 |
1 |
|
|a Milesi-Ferretti, Gian Maria.
|
| 710 |
2 |
|
|a International Monetary Fund.
|b Research Dept.
|
| 710 |
2 |
|
|a ProQuest (Firm)
|
| 830 |
|
0 |
|a IMF working paper ;
|v WP/06/69.
|
| 856 |
4 |
0 |
|u https://ebookcentral.proquest.com/lib/matrademy/detail.action?docID=3014443
|z Click to View
|